000 00459nam a22001937a 4500
003 MPLRDC
005 20220104144510.0
008 210129b ||||| |||| 00| 0 eng d
020 _a983-9159-42-9
082 _a859.6 ETGD v.9
100 _a王实甫原著
245 _a西厢记
_c
250 _a初版
260 _a
_b东阳出版社
_c1996
300 _b
490 _a儿童古典文学
650 _a中国文学
942 _cBK
_o859.6 ETGD v.9
999 _c50212
_d50202